000 00569nam a2200181 a 4500
001 000022867
005 20200930021839.0
008 101119s1990 dr r 000 0 spa d
020 _a9800004491
040 _aDO-SdBNP
_bspa
_cBNPHU
082 _axxx
_bC331d
100 1 _aCarvallo, Gastón
_927719
245 1 0 _aDesobediencia social en Venezuela /
_cGastón Carvallo , Ocarina Castillo D. , Nelson Prato Barbosa.
260 _aCaracas :
_bCENDES,
_c1990.
490 _aJosé Agustín Michelena ;
_v3
830 0 _aJosé Agustín Michelena ;
_v3
_946997
049 _aBNGR
999 _c22364
_d22364